| 000 | 00745nab a2200229u 4500 | ||
|---|---|---|---|
| 001 | 13483 | ||
| 003 | HDC | ||
| 007 | c| |||a|c|aaaa | ||
| 008 | 210212b20160325my ||||o |||| 00| 0 may d | ||
| 040 | _aHDC | ||
| 245 | 0 | _aMUI: Kedepan, sepatu, pakaian, dan celana harus bersertifikasi halal | |
| 336 |
_atext _2rdacontent |
||
| 337 |
_acomputer _2rdamedia |
||
| 338 |
_aonline resource _2rdacarrier |
||
| 650 |
_ahalal certificate _9482 |
||
| 650 |
_ahalal food products _92437 |
||
| 710 | _aBeritaJatim | ||
| 856 | _zRequest full-text at [email protected] | ||
| 942 | _2lcc | ||
| 942 | _cNEWS | ||
| 942 | _kNWS0 003437 | ||
| 999 |
_c10799 _d10799 |
||